000
00201 a2200097 4500
001
43527
100
_a
Arnold
245
_a
Sang Celestial
260
_a
Allahbad
_b
Kitabistan
_c
090
_c
27340
_d
27340
942
_a
NUST-CAE
_c
M
_c
19270
999
_c
278600
_d
278600